| 000 | 00906nam a2200265Ia 4500 | ||
|---|---|---|---|
| 001 | 48553993 | ||
| 003 | 35174 | ||
| 005 | 20140520104817.0 | ||
| 008 | 011207s1993 ilu b 001 0 eng | ||
| 020 |
_a0812695186 _cTheological Book Network |
||
| 040 |
_aN$V _cN$V _dCIN |
||
| 043 | _aaw----- | ||
| 100 | 1 |
_aLewis, Bernard, _d1916- |
|
| 245 | 1 | 0 |
_aIslam in history : _bideas, people, and events in the Middle East / _cBernard Lewis. |
| 250 | _a2nd ed./New ed., rev. & exp. | ||
| 260 |
_aChicago : _bOpen Court, _cc1993. |
||
| 300 |
_avii, 487 p. ; _c23 cm. |
||
| 500 | _a"This 2nd edition was formerly issued with the ISBNs 0-8126-9216-0 (cloth) and 0-8126-9217-0(pbk)." | ||
| 504 | _aIncludes bibliographical references (p. 459-462) and index. | ||
| 541 | _e35174 | ||
| 650 | 0 |
_aIslam _xHistory. |
|
| 651 | 0 |
_aMiddle East _xHistoriography. |
|
| 651 | 0 |
_aMiddle East _xHistory _y1517- |
|
| 942 |
_2lcc _cBK |
||
| 999 |
_c207 _d207 |
||